| 000 | 00837nam a22002537i 4500 | ||
|---|---|---|---|
| 003 | DO-SdBNP | ||
| 005 | 20240410093446.0 | ||
| 007 | ta | ||
| 008 | 240410b2023 dr ||||| |||| 00| 0 spa d | ||
| 020 | _a9789945648232 | ||
| 040 |
_aDO-SdBNP _bspa _cBNPHU _erda |
||
| 082 | 4 |
_222 _bD948h |
|
| 100 | 1 |
_aDurán Candelier, Juan Francisco, _eautor _985173 |
|
| 245 | 1 | 0 |
_aHerramientas para la paz y el crecimiento / _cJosé Francisco Durán Candelier. |
| 264 | 1 |
_aSanto Domingo : _bEditorial Santuario, _c2023. |
|
| 300 |
_a123 páginas ; _c22 cm. |
||
| 336 |
_2rdacontent _atexto _btxt |
||
| 337 |
_2rdamedia _asin mediación _bn |
||
| 338 |
_2rdacarrier _avolumen _bnc |
||
| 500 | _aIncluye datos biográficos del autor en las solapas | ||
| 500 | _aHumilde y pequeño de vida | ||
| 590 | _aInventariado, 2024 /LP | ||
| 942 |
_2ddc _cLBS1 |
||
| 999 |
_c56316 _d56316 |
||